00518nam a22001577a 450000500170000001000150001702000260003203500140005803700090007208200060008124500590008726000560014627001180020230000220032070000180034220220117122537.0 aENG-131158 a9789390679386c199.00 aEN-114690 bDBAD aS aTHE BEST SHORT,STORIES EVER:cEdited by Terry O' Brien aChennaibWestland Publication Private Limitedc2021 bChennaia1st Floor, A Block, East Wing, Plot NO. 40, SP Infocity, Dr. MGR Salai, Perungudi, Kandanchavadie600096 a266.p.c20cm(pbk) aO'Brien Terry